000
00235nam a2200097Ia 4500
005
20251222114357.0
008
251222s1900||||xx |||||||||||||| ||spa||
082
_a
DVD0080 R34/1965/Ej.2
245
0
_a
La agonía y el éxtasis.
942
_c
DVD
999
_c
1494
_d
1494